| 000 | 00360nam a2200157Ia 4500 | ||
|---|---|---|---|
| 008 | 221030s9999 xx 000 0 und d | ||
| 020 | _a8126124318 | ||
| 041 | _aEnglish | ||
| 082 |
_a105.23 _bDav |
||
| 100 | _aJ. David | ||
| 245 | 0 | _aText Book Of Hotel Management | |
| 260 |
_bAnmol Pub _aNew Delhi _c0 |
||
| 300 | _a334 | ||
| 650 | _aManagement | ||
| 942 | _cBK | ||
| 999 |
_c577 _d577 |
||